George R. R. Martin Novels Quiz Stats

 Plays Quiz Updated Mar 16, 2020

Support Sporcle.
Go Orange.
Score 0/10 Timer 03:00
0 Plays Today
Year Novel % Correct
1996A Game of Thrones
97.2%
1998A Clash of Kings
78.1%
2000A Storm of Swords
72.6%
2005A Feast for Crows
71.8%
2011A Dance with Dragons
69.5%
1982Fevre Dream
17%
1977Dying of the Light
13.8%
1983The Armageddon Rag
12.7%
1981Windhaven
12.1%
2007Hunter's Run
10%

From the Vault

American Pie - The Complete Lyrics

by rockgolf

Music 20m
Try not to get lost in the third or fourth verse.
Remove Ads.
Support Sporcle.
Get the best of Sporcle when you Go Orange. This ad-free experience offers more features, more stats, and more fun while also helping to support Sporcle. Thank you for becoming a member.

Show Comments

Extras

Top Quizzes Today


Score Distribution

Your Account Isn't Verified!

In order to create a playlist on Sporcle, you need to verify the email address you used during registration. Go to your Sporcle Settings to finish the process.

Report this User

Report this user for behavior that violates our Community Guidelines.

Details: